Obálka
Pro půjčování e-knih musíte být přihlášeni.
Jak si půjčit online?

Temná hra /

Detektivní román z prostředí kriminálky v anglickém Salisbury. Minulostí stíhaný inspektor Ford musí dopadnout vraha zdravotní sestry a jejího malého syna dříve, než si najde další oběti.

Uloženo v:
Série:Detektiv Henry Ford, část 1
Hlavní autor: Maslen, Andy (Autor)
Další autoři: Špínová, Adéla, 1990- (Autor)
Médium: E-audiokniha
Jazyk:Czech
Vydáno: Praha : Kniha Zlin, 2022
Vydání:Vydání první
Edice:Thrill
Témata:
Příbuzné jednotky:Z cyklu:: Detektiv Henry Ford
Tagy:
Žádné tagy
LEADER 05737nam a2201165 i 4500
001 313171
003 CZ PrSKC
005 20260601215737.0
007 ta
008 220802s2022 xr g 000 f cze
015 |a cnb003436874 
020 |a 9788076623743  |q (vázáno) :  |c Kč 499,00 
035 |a (OCoLC)1344360146 
040 |a ABG001  |b cze  |e rda 
041 1 |a cze  |h eng 
072 7 |a 821.111-3  |x Anglická próza, anglicky psaná  |2 Konspekt 
080 |a 821.111-31  |2 MRF 
080 |a (0:82-312.4)  |2 MRF 
100 1 |a Maslen, Andy  |7 xx0275289  |4 aut 
240 1 0 |a Shallow ground.  |l Česky 
245 1 0 |a Temná hra /  |c Andy Maslen ; přeložila Adéla Špínová 
250 |a Vydání první 
264 1 |a Praha :  |b Kniha Zlin,  |c 2022 
300 |a 348 stran ;  |c 21 cm 
336 |a text  |b txt  |2 rdacontent 
337 |a bez média  |b n  |2 rdamedia 
338 |a svazek  |b nc  |2 rdacarrier 
490 1 |a Thrill ;  |v svazek 47 
500 |a Přeloženo z angličtiny 
520 2 |a Detektivní román z prostředí kriminálky v anglickém Salisbury. Minulostí stíhaný inspektor Ford musí dopadnout vraha zdravotní sestry a jejího malého syna dříve, než si najde další oběti.  |b Čerstvě povýšený inspektor Henry Ford je povolán k vyšetřování dvojité vraždy. I přes nedostatek indicií tuší, že za vším stojí sériový vrah. Ford totiž z vlastní zkušenosti dobře ví, jak po sobě zločinci zahlazují stopy. Před lety přišel o manželku při horolezecké nehodě, kterou sám způsobil. Ponurou pravdu se snaží utajit před svým synem i novou partnerkou, s níž spolupracuje na případu. Dokáže celou situaci ustát dost dlouho na to, aby zabijáka zastavil? Nakladatelská anotace. 
655 7 |a anglické romány  |7 fd131814  |2 czenas 
655 7 |a detektivní romány  |7 fd132010  |2 czenas 
655 9 |a English fiction  |2 eczenas 
655 9 |a detective novels  |2 eczenas 
700 1 |a Špínová, Adéla,  |d 1990-  |7 xx0097944  |4 trl 
787 0 8 |i Z cyklu:  |t Detektiv Henry Ford  |g 1 
830 0 |a Thrill 
900 |a ABA001  |b 21 
928 9 |a Albatros Media - Kniha Zlin 
044 |a xr 
505 0 0 |t 01_UVOD (8 min., 54 sek.) 
505 0 0 |t 02_DEN PRVNI, 17.00 (13 min., 24 sek.) 
505 0 0 |t 03_DEN DRUHY, 8.15 (16 min., 27 sek.) 
505 0 0 |t 04_DEN DRUHY, 8.59 (8 min., 0 sek.) 
505 0 0 |t 05_DEN DRUHY, 9.05 (12 min., 4 sek.) 
505 0 0 |t 06_DEN DRUHY, 9.31 (14 min., 15 sek.) 
505 0 0 |t 07_DEN DRUHY, 10.00 (15 min., 17 sek.) 
505 0 0 |t 08_DEN DRUHY, POLEDNE (16 min., 34 sek.) 
505 0 0 |t 09_O TRI TYDNY DRIVE (2 min., 26 sek.) 
505 0 0 |t 10_DEN DRUHY, 18.30 (17 min., 27 sek.) 
505 0 0 |t 11_DEN TRETI, 10.00 (6 min., 17 sek.) 
505 0 0 |t 12_JARO, PRED TRICETI LETY (4 min., 11 sek.) 
505 0 0 |t 13_DEN TRETI, 14.55 (15 min., 14 sek.) 
505 0 0 |t 14_DEN CTVRTY, 3.15 (4 min., 36 sek.) 
505 0 0 |t 15_DEN CTVRTY, 8.23 (20 min., 41 sek.) 
505 0 0 |t 16_DEN PATY, 8.15 (2 min., 0 sek.) 
505 0 0 |t 17_DEN SEDMY, 8.35 (8 min., 32 sek.) 
505 0 0 |t 18_DEN SEDMY, 8.55 (9 min., 23 sek.) 
505 0 0 |t 19_DEN SEDMY, 9.30 (17 min., 9 sek.) 
505 0 0 |t 20_DEN OSMY, 9.15 (26 min., 49 sek.) 
505 0 0 |t 21_DEN DEVATY, 8.35 (18 min., 35 sek.) 
505 0 0 |t 22_DEN DEVATY, 23.45 (1 min., 25 sek.) 
505 0 0 |t 23_DEN DESATY, 9.15 (11 min., 51 sek.) 
505 0 0 |t 24_DEN DESATY, 11.38 (7 min., 38 sek.) 
505 0 0 |t 25_DEN DESATY, 12.30 (17 min., 56 sek.) 
505 0 0 |t 26_DEN JEDENACTY, 9.05 (18 min., 45 sek.) 
505 0 0 |t 27_DEN JEDENACTY, 14.00 (6 min., 27 sek.) 
505 0 0 |t 28_DEN JEDENACTY, 19.45 (10 min., 17 sek.) 
505 0 0 |t 29_DEN JEDENACTY, 21.00 (0 min., 53 sek.) 
505 0 0 |t 30_DEN JEDENACTY, 21.55 (2 min., 2 sek.) 
505 0 0 |t 31_DEN DVANACTY, 9.30 (10 min., 34 sek.) 
505 0 0 |t 32_DEN CTRNACTY, 8.15 (7 min., 38 sek.) 
505 0 0 |t 33_DEN CTRNACTY, 9.30 (12 min., 4 sek.) 
505 0 0 |t 34_DEN CTRNACTY, 18.50 (12 min., 29 sek.) 
505 0 0 |t 35_DEN CTRNACTY, 20.30 (8 min., 25 sek.) 
505 0 0 |t 36_DEN PATNACTY, 13.15 (9 min., 50 sek.) 
505 0 0 |t 37_DEN SESTNACTY, 11.00 (0 min., 59 sek.) 
505 0 0 |t 38_DEN SESTNACTY, 11.45 (16 min., 45 sek.) 
505 0 0 |t 39_DEN SESTNACTY, 14.10 (7 min., 27 sek.) 
505 0 0 |t 40_DEN SEDMNACTY, 10.45 (14 min., 35 sek.) 
505 0 0 |t 41_DEN SEDMNACTY, 14.13 (8 min., 7 sek.) 
505 0 0 |t 42_DEN OSMNACTY, 9.05 (2 min., 20 sek.) 
505 0 0 |t 43_DEN OSMNACTY, 9.30 (17 min., 55 sek.) 
505 0 0 |t 44_DEN OSMNACTY, 14.05 (4 min., 36 sek.) 
505 0 0 |t 45_DEN DVACATY PRVNI, 8.30 (20 min., 20 sek.) 
505 0 0 |t 46_DEN DVACATY PRVNI, 13.19 (3 min., 17 sek.) 
505 0 0 |t 47_DEN DVACATY PRVNI, 19.00 (13 min., 30 sek.) 
505 0 0 |t 48_DEN DVACATY PRVNI, 19.25 (7 min., 17 sek.) 
505 0 0 |t 49_DEN DVACATY PRVNI, 19.44 (7 min., 17 sek.) 
505 0 0 |t 50_DEN DVACATY PRVNI, 20.45 (16 min., 11 sek.) 
505 0 0 |t 51_DEN DVACATY PRVNI, 22.03 (9 min., 34 sek.) 
505 0 0 |t 52_DEN DVACATY PRVNI, 23.55 (7 min., 8 sek.) 
505 0 0 |t 53_DEN DVACATY DRUHY, 9.00 (13 min., 49 sek.) 
505 0 0 |t 54_DEN DVACATY DRUHY, 10.45 (21 min., 2 sek.) 
505 0 0 |t 55_DEN DVACATY DRUHY, 16.02 (19 min., 16 sek.) 
505 0 0 |t 56_DEN DVACATY DRUHY, 16.59 (11 min., 28 sek.) 
505 0 0 |t 57_DEN DVACATY DRUHY, 19.59 (2 min., 49 sek.) 
910 |a RBIT002 
998 |d 387578  |a https://core.palmknihy.cz/api/books/387578/cover?sleeo0  |b https://core.palmknihy.cz/api/books/387578/cover/400?sleeo0  |c https://core.palmknihy.cz/api/books/387578/cover/50?sleeo0  |e 2028-03-08  |i 9788076623743  |l 37380  |q 49  |r 1  |s https://www.palmknihy.cz/kniha/387578  |t audiobook  |y 2023  |z 0  |v Detektiv Henry Ford  |w 1 
999 |d 313169